Govt. of
Madhya Pradesh

Encyclopedia of General Science (Record no. 63449)

MARC details
000 -LEADER
fixed length control field 00261nam a22001097a 4500
082 ## - DEWEY DECIMAL CLASSIFICATION NUMBER
Classification number 500
100 ## - MAIN ENTRY--AUTHOR NAME
Personal name Mukherji, Siddharth
245 ## - TITLE STATEMENT
Title Encyclopedia of General Science
260 ## - PUBLICATION, DISTRIBUTION, ETC. (IMPRINT)
Place of publication Meerut
Name of publisher Arihant Pub
Year of publication 2020
650 ## - SUBJECT ADDED ENTRY--TOPICAL TERM
Topical Term Science
942 ## - ADDED ENTRY ELEMENTS (KOHA)
Koha item type Books
Holdings
Withdrawn status Lost status Damaged status Not for loan Home library Current library Date acquired Cost, normal purchase price Full call number Accession Number Price effective from Koha item type
        MACL MACL 03/10/2020 245.00 500 GCLC00901 03/10/2020 Books
        MACL MACL 03/10/2020 245.00 500 GCLC00902 03/10/2020 Books